| 000 | 00728nam a22002297a 4500 | ||
|---|---|---|---|
| 005 | 20170124105945.0 | ||
| 010 | _a869912 | ||
| 020 |
_c00.00 _a0706905288 |
||
| 035 | _a869912 | ||
| 037 | _bCen Lib/Ret | ||
| 040 |
_aDPL _bEN |
||
| 082 |
_a301.44 _bTIM |
||
| 100 |
_aTimberg, Thomas A. _912120 |
||
| 245 |
_aThe marwaris : _cby Thomas A. Timberg _bfrom trades to industrialists / |
||
| 260 |
_aNew Delhi _bVikas Publishing House _c1978 |
||
| 270 |
_bNew Delhi _a5, Ansari Road, Darya Ganj _e110002 |
||
| 300 |
_avi, 268p. _c22cm(Hb) |
||
| 500 | _aIncludes bibliographical references and index | ||
| 650 |
_aMarwaris _986326 |
||
| 650 |
_aMewaris entrepreneurship _912122 |
||
| 942 |
_2ddc _cEN _h301.44 _mTIM |
||
| 999 |
_c124841 _d124841 |
||